Statistics for Formula one drivers who are relative

Click here to take the quiz!

General Stats

  • This quiz has been taken 1,021 times
    (918 since last reset)
  • The average score is 12 of 28

Answer Stats

HintAnswer% Correct
Father 1994-2003, son 2015-presentNetherlandsJos and Max Verstappen
93%
Father 1978-86, son 2006-presentFinland, GermanyKeke and Nico Rosberg
92%
Brothers 1991-2012 and 1997-2007GermanyMichael and Ralf Schumacher
92%
Father 1958-75, son 1992-1999United KingdomGraham and Damon Hill
86%
Father 1995-98, son 2014-presentDenmarkJan and Kevin Magnussen
82%
Uncle 1984-94, nephew 2010-2012BrazilAyrton and Bruno Senna
80%
Son 1996-2006, father 1977-82, uncle 1981-83CanadaJacques, Gilles and Jacques sr. Villeneuve
75%
Father 1968-82, son 1993USAMario and Michael Andretti
75%
Father 1978-91, son 2008-09BrazilNelson and Nelson jr. Piquet
71%
Son 1992-94, father 1972-75, uncle 1970-80BrazilChristian, Wilson and Emerson Fittipaldi
65%
Father 1955-70, son 1990-1994, son 1990AustraliaJack, David and Gary Brabham
56%
Brothers 1972-1980 and 1974-77South-AfricaIan and Jody Scheckter
51%
Father 1983-89, son 2016-presentUnited KingdomJonathan and Jolyon Palmer
44%
Brothers 1961-62 and 1963-71MexicoPedro and Ricardo Rodriguez
41%
Father 1987-91, son 2007-09JapanSatoru and Kazuki Nakajima
40%
Great uncle 1959-68, grandnephew 2013Belgium, FranceLucien and Jules Bianchi
31%
Son 2007, father 1980-85, uncle 1989GermanyMarkus, Manfred and Joachim Winkelhock
27%
Brothers 1953 and 1965-1973United KingdomJimmy and Jackie Stewart
25%
Father 1951-53, son 1974-79GermanyHans and Hans-Joachim Stuck
12%
Brothers 1982-87 and 1983-84ItalyTeo and Corrado Fabi
12%
Brothers 1963-69 and 1974-80ItalyVittorio and Ernesto Brambilla
9%
Uncle 1968, nephew 1983-88FranceJo and Jean-Louis Schlesser
5%
Father 1950-54, son 1959-63United KingdomReg and Tim Parnell
5%
Father 1951-64, son 1974-77BelgiumTeddy and Andre Pilette
4%
Brothers 1958 and 1968USAJerry and Bobby Unser
3%
Brothers 1950-1960USADick and Jim Rathmann
2%
Half brothers 1950-54 and 1952United KingdomPeter and Graham Whitehead
2%
Uncle 1950-59, nephew 1955-60USAPaul and Eddie Russo
0%

Score Distribution

Percentile by Number Answered

Percent of People with Each Score

Your Score History

You have not taken this quiz since the last reset